Most Populated Islands By Picture - Statistics

General Stats
  • This quiz has been taken 19 times
  • The average score is 10 of 20
Answer Stats
Picture Hint Answer % Correct
61,000,000 Great Britain
100%
10,000,000 Cuba
90%
31,000,000 Madagascar
90%
104,000,000 Honshu
80%
24,000,000 Taiwan
80%
158,000,000 Java
70%
7,000,000 Ireland
60%
8,000,000 Long Island
60%
6,000,000 Singapore
60%
60,000,000 Sumatra
50%
65,000,000 Luzon
40%
10,000,000 Hainan
30%
27,000,000 Mindanao
30%
23,000,000 Borneo
20%
14,000,000 New Guinea
20%
23,000,000 Salsette
20%
22,000,000 Sri Lanka
20%
20,000,000 Sulawesi
20%
22,000,000 Hispaniola
10%
12,000,000 Kyushu
10%
No matching quizzes found
Score Distribution
Percent of People with Each Score
Percentile by Number Answered
Your Score History
You have not taken this quiz